Desnutrición: la crisis se retrata
Uloženo v:
| Médium: | Text |
|---|---|
| Témata: | |
| Tagy: |
Přidat tag
Žádné tagy, Buďte první, kdo vytvoří štítek k tomuto záznamu!
|
MARC
| LEADER | 00000 a a2200000 04500 | ||
|---|---|---|---|
| 001 | 1527 | ||
| 003 | |||
| 040 | |||
| 245 | |a Desnutrición: |b la crisis se retrata | ||
| 650 | |a MALNUTRICION | ||
| 650 | |a ECONOMIA | ||
| 650 | |a DESEMPLEO | ||
| 650 | |a COOPERATIVAS | ||
| 650 | |a COSTA RICA | ||
| 773 | |g número 10; páginas 20-23 | ||
| 999 | |c 21393 |d 21393 | ||
